Balanced Scorecard ako nástroj strategického riadenia konkrétneho podniku bakalárska práca

Gespeichert in:
Bibliographische Detailangaben
1. Verfasser: Jakubová, Zuzana, 1994-
Körperschaft: Fakulta podnikového manažmentu EU. Katedra manažmentu
Weitere Verfasser: Čambalíková, Andrea, 1990-
Format: Buch
Sprache:Slowakisch
Veröffentlicht: Bratislava 2016
Tags: Tag hinzufügen
Keine Tags, Fügen Sie das erste Tag hinzu!

MARC

LEADER 00000nbm a2200000 4500
001 0218379
005 20170222130957.6
041 0 |a slo 
044 |a SK 
245 1 0 |a Balanced Scorecard ako nástroj strategického riadenia konkrétneho podniku  |b bakalárska práca  |c Zuzana Jakubová ; školiteľ: Andrea Čambalíková 
264 1 |a Bratislava  |c 2016 
300 |a 60 s. 
100 1 |a Jakubová, Zuzana, 1994- 
700 1 |a Čambalíková, Andrea, 1990- 
710 2 |a Fakulta podnikového manažmentu EU. Katedra manažmentu